[Event "Top 16 Groupe B"]
[Site "Chartres, France"]
[Date "2024.06.02"]
[Round "4.3"]
[White "Di Nicolantonio, Lucas"]
[Black "Korobov, Anton"]
[Result "1/2-1/2"]
[WhiteElo "2406"]
[BlackElo "2651"]
[PlyCount "62"]
[EventDate "2024.??.??"]

1. e4 {5} c5 {15} 2. Nf3 {13} d6 {8} 3. Bb5+ {36} Nd7 {11} 4. O-O {23} a6 {4}
5. Bxd7+ {22} Bxd7 {9} 6. c3 {38} Nf6 {79} 7. Re1 {34} e6 {499} 8. d4 {45} cxd4
{443} 9. cxd4 {32} d5 {24} 10. e5 {37} Ne4 {10} 11. Nfd2 {99} Nxd2 {113} 12.
Nxd2 {21} Qb6 {185} 13. Nf1 {269} h6 {1128} 14. Ng3 {659} g6 {177} 15. h4 {62}
Be7 {361} 16. h5 {49} g5 {7} 17. Nf1 {290} f5 {91} 18. exf6 {44} Bxf6 {2} 19.
Be3 {770} O-O {59} 20. Nh2 {83} Bg7 {40} 21. Ng4 {26} Rac8 {102} 22. Qd2 {392}
Be8 {138} 23. Ne5 {229} Rc7 {506} 24. Rac1 {705} Bxh5 {146} 25. Rxc7 {6} Qxc7 {
13} 26. Rc1 {188} Qd8 {188} 27. Qb4 {196} Bxe5 {65} 28. dxe5 {7} d4 {4} 29.
Qxd4 {228} Qxd4 30. Bxd4 {14} Rd8 {48} 31. Be3 {23} Rd1+ {7} 1/2-1/2

[Event "Top 16 Groupe B"]
[Site "Chartres, France"]
[Date "2024.06.02"]
[Round "4.4"]
[White "David, Alberto"]
[Black "Miron, Lucian-Costin"]
[Result "1/2-1/2"]
[WhiteElo "2509"]
[BlackElo "2479"]
[PlyCount "32"]
[EventDate "2024.??.??"]

1. e4 {7} c5 {29} 2. Nf3 {17} d6 {5} 3. d4 {66} cxd4 {6} 4. Nxd4 {5} Nf6 {5} 5.
Nc3 {20} a6 {4} 6. Bd3 {31} e5 {183} 7. Nde2 {8} Be6 {57} 8. O-O {757} Be7 {
1044} 9. Ng3 {237} O-O {27} 10. a4 {822} Nbd7 {855} 11. h3 {233} Rc8 {118} 12.
Qf3 {153} g6 {1003} 13. Bh6 {503} Re8 {10} 14. Rfd1 {106} Kh8 {511} 15. a5 {277
} Nc5 {873} 16. Bf1 {146} Qc7 {66} 1/2-1/2

[Event "Top 16 Groupe B"]
[Site "Chartres, France"]
[Date "2024.06.02"]
[Round "4.5"]
[White "Ollier, Pablo"]
[Black "Velten, Paul"]
[Result "0-1"]
[WhiteElo "2301"]
[BlackElo "2488"]
[PlyCount "70"]
[EventDate "2024.??.??"]

1. d4 {2} d5 {35} 2. c4 {8} dxc4 {40} 3. e4 {8} b5 {54} 4. a4 {15} c6 {24} 5.
Nc3 {15} b4 {146} 6. Nce2 {7} Ba6 {228} 7. Nf3 {160} e6 {148} 8. Ng3 {226} Nf6
{48} 9. Be2 {73} c5 {127} 10. e5 {387} Nd5 {58} 11. Bg5 {249} Qa5 {109} 12. O-O
{812} h6 {231} 13. Bd2 {194} Nd7 {924} 14. Rc1 {361} N7b6 {411} 15. Ne4 {267}
Rc8 {55} 16. Re1 {619} Be7 {43} 17. Bf1 {135} O-O {43} 18. dxc5 {154} Bxc5 {55}
19. Nh4 {119} Be7 {300} 20. Qh5 {217} Kh7 {121} 21. Rcd1 {744} Bxh4 {322} 22.
Qxh4 {31} c3 {248} 23. bxc3 {58} bxc3 {6} 24. Bc1 {46} Bxf1 {11} 25. Kxf1 {112}
Qxa4 {414} 26. Kg1 {343} Rc4 {184} 27. Rd3 {251} f5 {51} 28. exf6 {468} Nxf6 {
16} 29. f3 {162} Nbd5 {139} 30. Nxf6+ {38} Rxf6 {12} 31. Qf2 {34} a5 {61} 32.
h3 {30} Qc6 {6} 33. Kh1 {29} a4 {31} 34. Ba3 {28} Nf4 {20} 35. Rdd1 {33} c2 {10
} 0-1

[Event "Top 16 Groupe B"]
[Site "Chartres, France"]
[Date "2024.06.02"]
[Round "4.6"]
[White "Lucas, Arthur"]
[Black "Congiu, Mathilde"]
[Result "1-0"]
[WhiteElo "2323"]
[BlackElo "2205"]
[PlyCount "69"]
[EventDate "2024.??.??"]

1. e4 {3} c5 {21} 2. Nc3 {24} e6 {89} 3. d4 {205} cxd4 {230} 4. Qxd4 {384} Nc6
{69} 5. Qd3 {6} Nf6 {326} 6. Bf4 {11} Qa5 {393} 7. O-O-O {141} a6 {576} 8. Kb1
{99} Ng4 {563} 9. Qg3 {293} Nge5 {135} 10. Bd2 {422} Qc7 {734} 11. f4 {63} Ng6
{23} 12. h4 {217} d6 {722} 13. h5 {95} Nge7 {256} 14. Nf3 {63} Bd7 {100} 15.
Be3 {441} Na5 {468} 16. Qf2 {148} Nc8 {15} 17. f5 {379} Be7 {57} 18. h6 {392}
gxh6 {198} 19. Rxh6 {137} Bf8 {249} 20. Rh5 {316} Nc4 {10} 21. Bd4 {85} Rg8 {
124} 22. Rxh7 {187} Ne7 {93} 23. b3 {693} Na3+ {363} 24. Kb2 {9} Nb5 {231} 25.
fxe6 {49} Bxe6 {35} 26. Nxb5 {84} axb5 {14} 27. Bxb5+ {28} Nc6 {10} 28. Bb6 {85
} Qe7 {37} 29. Nd4 {81} Bd7 {72} 30. Kb1 {311} Bg7 {44} 31. Rf1 {353} Nb4 {38}
32. Nf5 {72} Bxb5 {41} 33. Nxe7 {35} Bxf1 {7} 34. Nxg8 {113} Kf8 {5} 35. Nh6 {
48} 1-0

[Event "Top 16 Groupe B"]
[Site "Chartres, France"]
[Date "2024.06.02"]
[Round "4.7"]
[White "Castro, John"]
[Black "Bournel, Antoine"]
[Result "0-1"]
[WhiteElo "2240"]
[BlackElo "2324"]
[PlyCount "50"]
[EventDate "2024.??.??"]

1. e4 {2} g6 {187} 2. d4 {11} Bg7 {29} 3. Nc3 {155} d6 {209} 4. Be3 {28} a6 {67
} 5. g3 {608} b5 {126} 6. Bg2 {211} Bb7 {19} 7. Nge2 {1305} Nd7 {471} 8. O-O {
794} b4 {327} 9. Nb1 {654} Ngf6 {259} 10. e5 {346} Nd5 {59} 11. exd6 {528} cxd6
{71} 12. Bd2 {7} Rb8 {617} 13. a3 {72} a5 {128} 14. axb4 {63} axb4 {11} 15. Qc1
{569} O-O {212} 16. Bh6 {21} Qc7 {68} 17. Bxg7 {18} Kxg7 {3} 18. c4 {153} bxc3
{31} 19. Nbxc3 {105} Nb4 {164} 20. d5 {261} Ne5 {199} 21. Ra4 {98} Qb6 {151}
22. Qg5 {38} Rfe8 {145} 23. Nf4 {38} h6 {135} 24. Qh4 {24} Bc8 {123} 25. Re1 {
36} Bd7 {130} 0-1

[Event "Top 16 Groupe B"]
[Site "Chartres, France"]
[Date "2024.06.02"]
[Round "4.8"]
[White "Alexieva, Silvia"]
[Black "Ronce, Nathan"]
[Result "1-0"]
[WhiteElo "2144"]
[BlackElo "2189"]
[PlyCount "75"]
[EventDate "2024.??.??"]

1. d4 {7} d5 {34} 2. c4 {21} e6 {55} 3. Nf3 {60} Nf6 {205} 4. Nc3 {94} c5 {186}
5. cxd5 {161} exd5 {26} 6. g3 {59} Nc6 {14} 7. Bg2 {38} Be7 {218} 8. O-O {183}
O-O {297} 9. dxc5 {123} Bxc5 {18} 10. a3 {22} a5 {227} 11. Bg5 {674} d4 {292}
12. Bxf6 {529} Qxf6 {97} 13. Ne4 {12} Qe7 {53} 14. Nxc5 {5} Qxc5 {6} 15. b4 {
449} Qb6 {815} 16. b5 {484} Qxb5 {64} 17. Nxd4 {6} Nxd4 {245} 18. Qxd4 {5} Qxe2
{1237} 19. Rfe1 {18} Qh5 {323} 20. Re5 {1051} Qh6 {87} 21. h4 {279} Qf6 {224}
22. Rae1 {94} Be6 {419} 23. Bxb7 {94} Rab8 {152} 24. Qe4 {357} g6 {317} 25. a4
{430} Rfd8 {73} 26. h5 {106} Rd2 {78} 27. Qe3 {129} Rbd8 {126} 28. Rxa5 {68}
Ra2 {125} 29. h6 {53} Rad2 {241} 30. Ra8 {161} Rxa8 {35} 31. Bxa8 {6} Qd8 {33}
32. Bf3 {220} Ra2 33. Qe5 {277} Kf8 {17} 34. Rb1 {82} Rc2 {32} 35. Rb7 {19} Bd7
{34} 36. Bd5 {57} f6 {37} 37. Qd6+ {41} Ke8 {14} 38. Bf7+ {22} 1-0

[Event "Top 16 Groupe B"]
[Site "Chartres, France"]
[Date "2024.06.02"]
[Round "4.9"]
[White "Bacrot, Etienne"]
[Black "Neiksans, Arturs"]
[Result "1/2-1/2"]
[WhiteElo "2684"]
[BlackElo "2575"]
[PlyCount "51"]
[EventDate "2024.??.??"]

1. d4 {144} Nf6 {74} 2. c4 {9} e6 {15} 3. Nf3 {6} a6 {80} 4. Nc3 {42} d5 {6} 5.
cxd5 {24} exd5 {5} 6. Bg5 {7} Be6 {43} 7. Bxf6 {29} Qxf6 {7} 8. Qb3 {5} Ra7 {44
} 9. h4 {64} Bd6 {338} 10. e3 {396} Nd7 {267} 11. Bd3 {170} c6 {173} 12. Qc2 {
577} Qe7 {199} 13. O-O-O {521} h6 {430} 14. Kb1 {180} Ra8 {38} 15. e4 {500}
dxe4 {94} 16. Nxe4 {22} Nf6 {659} 17. Nxf6+ {275} Qxf6 {54} 18. Ng5 {346} Bd5 {
2106} 19. Rhe1+ Kf8 {601} 20. Ne4 {156} Bxe4 {460} 21. Rxe4 {43} g6 {9} 22. Bc4
{303} Re8 {443} 23. Re3 {611} Rxe3 {403} 24. fxe3 {2} Qxh4 {5} 25. Rf1 {85} f5
{3} 26. e4 {142} 1/2-1/2

[Event "Top 16 Groupe B"]
[Site "Chartres, France"]
[Date "2024.06.02"]
[Round "4.10"]
[White "Kulaots, Kaido"]
[Black "Rodshtein, Maxim"]
[Result "0-1"]
[WhiteElo "2520"]
[BlackElo "2593"]
[PlyCount "80"]
[EventDate "2024.??.??"]

1. e4 {4} c5 {21} 2. Nf3 {29} d6 {12} 3. d4 {14} cxd4 {7} 4. Nxd4 {4} Nf6 {5}
5. Nc3 {4} a6 {11} 6. Be3 {161} e5 {44} 7. Nb3 {28} Be6 {38} 8. Be2 {67} Be7 {
362} 9. Nd5 {125} Nbd7 {244} 10. Qd3 Bxd5 {28} 11. exd5 {5} Rc8 {76} 12. c4 {
777} O-O {105} 13. O-O {208} a5 {55} 14. Rac1 {585} g6 {619} 15. Bd2 {830} a4 {
283} 16. Na1 {72} Nc5 {138} 17. Qh3 {117} Nfe4 {299} 18. Bh6 {115} Re8 {79} 19.
Nc2 {89} f5 {376} 20. Na3 {126} Ng5 {780} 21. Qc3 {149} Bf6 {649} 22. Nb5 {318}
e4 {62} 23. Bxg5 {507} Bxg5 {8} 24. Rc2 {47} Bf6 {128} 25. Qh3 {99} Be5 {96}
26. Kh1 {514} h5 {765} 27. Rb1 {439} Kg7 {181} 28. b4 {77} axb3 {5} 29. axb3 {4
} Nd7 {65} 30. f3 {345} Nf6 {76} 31. fxe4 {171} Nxe4 {23} 32. Bd3 {32} Nf6 {167
} 33. Qf3 {118} Ng4 {344} 34. h3 {52} Qh4 {62} 35. Re2 {45} Bg3 {114} 36. Bc2 {
100} Rxe2 {99} 37. Qxe2 {5} Be5 {36} 38. Qf3 {72} Ra8 {99} 39. Nc7 {56} Ra2 {3}
40. Ne6+ {12} Kf6 {47} 0-1

[Event "Top 16 Groupe B"]
[Site "Chartres, France"]
[Date "2024.06.02"]
[Round "4.11"]
[White "Ragger, Markus"]
[Black "Dionisi, Thomas"]
[Result "1-0"]
[WhiteElo "2601"]
[BlackElo "2396"]
[PlyCount "129"]
[EventDate "2024.??.??"]

1. e4 {2} e5 {10} 2. Nf3 {4} Nc6 {7} 3. Bb5 {7} a6 {30} 4. Ba4 {4} f5 {48} 5.
d4 {66} exd4 {11} 6. e5 {18} b5 {6} 7. Bb3 {3} Na5 {6} 8. Qxd4 {18} Bb7 {25} 9.
Bd5 {46} c6 {158} 10. Bxg8 {75} Rxg8 {7} 11. Nc3 {28} c5 {286} 12. Qd3 {95} Qb6
{85} 13. Bf4 {1067} h6 {300} 14. Nd5 {829} Qc6 {24} 15. O-O-O {13} Qxd5 {536}
16. Qxd5 {231} Bxd5 {5} 17. Rxd5 {4} Be7 {632} 18. Rhd1 Ra7 {232} 19. Be3 {594}
Rc7 {28} 20. b4 {18} Nb7 {729} 21. bxc5 {263} g5 {1465} 22. Rd6 {863} f4 {368}
23. Bd4 {18} Rc6 {1008} 24. Rd5 {5} Rgg6 {132} 25. Nd2 {173} Nxc5 {42} 26. Bxc5
{114} Rxc5 {10} 27. Ne4 {23} Rxd5 {51} 28. Rxd5 {1} Rc6 {14} 29. f3 {12} Rc7 {
160} 30. a4 {264} bxa4 {44} 31. Ra5 {1} Rc6 {108} 32. Rxa4 {6} Kf7 {8} 33. Nf2
{61} Ke6 {138} 34. Nd3 {1} Bf8 {166} 35. Ra5 {93} d6 {100} 36. Nb4 {261} Rc4 {
28} 37. Nd3 {13} Rc6 {17} 38. h4 {158} dxe5 {41} 39. Rxe5+ {68} Kf6 {1} 40. Ra5
{9} Bd6 {61} 41. hxg5+ {298} hxg5 {3} 42. Nf2 {11} Kg6 {135} 43. Ne4 {249} Be7
{14} 44. Re5 {257} Bf6 {175} 45. Rd5 {16} Be7 {196} 46. c3 {244} Re6 {161} 47.
Kd2 {58} g4 {141} 48. Kd3 {64} g3 {36} 49. c4 {52} Rb6 {339} 50. c5 {33} Rb3+ {
418} 51. Kc4 {136} Rb1 {212} 52. Rd2 {500} Rc1+ {63} 53. Kd5 {12} a5 {33} 54.
Ra2 {37} Bd8 {41} 55. Ke6 {19} Rc4 {105} 56. Kd7 {53} Rd4+ {140} 57. Nd6 {26}
Bf6 {15} 58. Ke6 {40} Bd8 {127} 59. c6 {141} Bb6 {31} 60. Rb2 {98} Bd8 {34} 61.
Nb5 {191} Rc4 {30} 62. Kd7 {3} Bf6 {30} 63. Re2 {19} a4 {34} 64. c7 {12} a3 {20
} 65. Nxa3 {14} 1-0

[Event "Top 16 Groupe B"]
[Site "Chartres, France"]
[Date "2024.06.02"]
[Round "4.12"]
[White "Brochet, Philippe"]
[Black "Naiditsch, Arkadij"]
[Result "1-0"]
[WhiteElo "2399"]
[BlackElo "2661"]
[PlyCount "207"]
[EventDate "2024.??.??"]

1. e4 {2} c5 {7} 2. Nf3 {59} d6 {21} 3. d4 {115} cxd4 {7} 4. Nxd4 {4} Nf6 {8}
5. Nc3 {4} Bd7 {11} 6. g3 {786} Nc6 {276} 7. Bg2 {49} g6 {8} 8. Nd5 {382} Bg7 {
26} 9. Nxf6+ {52} Bxf6 {7} 10. Be3 {224} Ne5 {174} 11. Qe2 {970} Ng4 {229} 12.
Bh3 {94} h5 {491} 13. O-O-O {724} Rc8 {224} 14. f3 {221} Nxe3 {260} 15. Bxd7+ {
27} Qxd7 {29} 16. Qxe3 {6} O-O {31} 17. f4 {386} Qa4 {191} 18. e5 {91} dxe5 {13
} 19. fxe5 {19} Bg7 {17} 20. Kb1 {159} Rc5 {124} 21. e6 {269} f5 {503} 22. c3 {
174} Re5 {319} 23. Qg5 {27} Rf6 {168} 24. Qf4 {106} Ra5 {290} 25. a3 {9} Rf8 {
535} 26. Qc7 {245} Bf6 {50} 27. Qxb7 {58} Ra6 {14} 28. Qd7 {178} Qc4 {164} 29.
Qb5 {193} Qc8 {139} 30. Rhe1 {54} Rb6 {19} 31. Qa5 {26} Qc4 {91} 32. Rd2 {614}
Rfb8 {17} 33. Ne2 {51} Kg7 {326} 34. Rc1 {14} R8b7 {273} 35. Rcc2 {36} Qe4 {231
} 36. Ka1 {35} Rb5 {186} 37. Qa6 {26} Qf3 {340} 38. Rd7 {44} R7b6 {230} 39.
Qxa7 {23} Rxe6 {11} 40. Nd4 {45} Qf1+ {105} 41. Ka2 {18} Re1 {53} 42. b4 {523}
Rbe5 {275} 43. Kb3 {390} R5e4 {139} 44. Ka4 {225} Rb1 {73} 45. Nc6 {216} Rbe1 {
381} 46. c4 {87} R1e3 {186} 47. Kb5 {44} Re6 {121} 48. a4 {75} R3e5+ {441} 49.
Nxe5 {53} Rxe5+ {5} 50. Ka6 {77} Qb1 {9} 51. Rdd2 {320} Qxb4 {105} 52. Qb6 {14}
Qxa4+ {20} 53. Kb7 Re1 {177} 54. Qb5 {59} Qa3 {86} 55. Ra2 {72} Qf3+ {11} 56.
Kc8 {5} Qh1 {265} 57. Qd5 {31} Qg1 {18} 58. Re2 {61} Rb1 {68} 59. c5 {10} Rb5 {
11} 60. Rac2 {12} Qa1 {45} 61. Ra2 {57} Qb1 {12} 62. Ra7 {29} Rb8+ {46} 63. Kc7
{10} Rf8 {51} 64. Rb7 {27} Qf1 {28} 65. Re6 {27} Qa1 {35} 66. c6 {47} h4 {2}
67. Qc5 {71} Qa2 {27} 68. Rxe7+ {35} Bxe7 {29} 69. Qxe7+ {4} Rf7 {120} 70.
Qxf7+ {13} Kxf7 {4} 71. Kb8+ {24} Kf6 {7} 72. c7 {10} Qxh2 {7} 73. Rb6+ {74}
Kg5 {21} 74. c8=Q {8} Qxg3+ {12} 75. Kb7 {43} Qf3+ {2} 76. Kc7 {37} Qc3+ {22}
77. Rc6 {7} Qe5+ {14} 78. Kb7 {41} Qe7+ {2} 79. Ka8 {42} h3 {17} 80. Qg8 {25}
Qa3+ {55} 81. Kb7 {8} Kf4 {139} 82. Rc4+ {43} Ke3 {109} 83. Qe6+ {18} Kf2 {9}
84. Rc2+ {25} Kf3 {3} 85. Qe2+ {29} Kf4 {104} 86. Rc4+ {26} Kg5 {8} 87. Qd2+ {
21} Kh5 {15} 88. Qf4 {134} Qb3+ {85} 89. Kc8 {28} g5 {9} 90. Qc7 {32} f4 {113}
91. Qf7+ {22} Kg4 {8} 92. Rxf4+ {37} gxf4 {5} 93. Qxb3 {3} f3 {7} 94. Qd1 {42}
h2 {9} 95. Kd7 {32} Kf4 {44} 96. Qf1 {29} Ke3 {16} 97. Qe1+ {14} Kd3 {13} 98.
Ke6 {26} f2 {10} 99. Qf1+ {32} Ke3 {14} 100. Kf5 {16} h1=Q {8} 101. Qxh1 {4}
Ke2 {6} 102. Qe4+ {62} Kf1 {7} 103. Kg4 {22} Kg1 {6} 104. Kg3 {24} 1-0

[Event "Top 16 Groupe B"]
[Site "Chartres, France"]
[Date "2024.06.02"]
[Round "4.13"]
[White "Bellahcene, Bilel"]
[Black "Fantinel, Thibault"]
[Result "1/2-1/2"]
[WhiteElo "2519"]
[BlackElo "2406"]
[PlyCount "59"]
[EventDate "2024.??.??"]

1. d4 {1050} Nf6 {23} 2. c4 {3} g6 {36} 3. Nc3 {3} Bg7 {4} 4. e4 {1} d6 {5} 5.
h3 {3} e5 {14} 6. d5 {3} a5 {49} 7. Be3 {96} Na6 {33} 8. Nf3 {154} Bd7 {108} 9.
g4 {14} a4 {210} 10. Be2 {76} c6 {490} 11. Nd2 {56} a3 {534} 12. b3 {62} h5 {60
} 13. g5 {105} Nh7 {5} 14. Nf3 {148} Qa5 {796} 15. Bd2 {377} Nb4 {162} 16. Kf1
{541} O-O {304} 17. Kg2 {269} f6 {182} 18. Rg1 {271} Rf7 {432} 19. c5 {494}
Qxc5 {752} 20. Rc1 {122} Nxg5 {303} 21. Be3 {369} Qa5 {201} 22. Nxg5 {322} fxg5
{4} 23. dxc6 {8} Bxc6 {151} 24. Bc4 {211} d5 {240} 25. exd5 {188} Nxd5 {228}
26. Nxd5 {191} Rd8 {27} 27. b4 {110} Bxd5+ {417} 28. Kh2 {111} Bxc4 {158} 29.
bxa5 {4} Rxd1 {12} 30. Rgxd1 1/2-1/2

[Event "Top 16 Groupe B"]
[Site "Chartres, France"]
[Date "2024.06.02"]
[Round "4.14"]
[White "Heinz, Timothee"]
[Black "Le Roux, Jean-Pierre"]
[Result "1/2-1/2"]
[WhiteElo "2349"]
[BlackElo "2473"]
[PlyCount "60"]
[EventDate "2024.??.??"]

1. e4 {4} c5 {131} 2. Nf3 {11} Nc6 {46} 3. Bb5 {12} Nf6 {96} 4. Nc3 {8} Qc7 {10
} 5. d3 {448} g6 {731} 6. O-O {98} Bg7 {83} 7. Bg5 {282} a6 {316} 8. Bxf6 {424}
exf6 {79} 9. Bc4 {144} b5 {183} 10. Bb3 {89} O-O {233} 11. Nd5 {116} Qd8 {288}
12. a4 {414} b4 {222} 13. Nd2 {476} d6 {66} 14. Nc4 {74} Ra7 {27} 15. Nce3 {591
} Re8 {364} 16. c3 {257} bxc3 {653} 17. bxc3 {11} Ne7 {201} 18. Qc2 {420} f5 {
476} 19. exf5 {661} Nxf5 {167} 20. Nxf5 {17} Bxf5 {10} 21. Rae1 {349} Rxe1 {306
} 22. Rxe1 {2} h5 {94} 23. Bc4 {202} Kh7 {90} 24. Qb3 {116} h4 {222} 25. Ne3 {
73} Qe8 {417} 26. Rf1 {109} Bc8 {245} 27. Bd5 {248} h3 {83} 28. g3 {11} Re7 {75
} 29. Qc4 {90} Bf6 {142} 30. Bf3 {225} Be6 {77} 1/2-1/2

[Event "Top 16 Groupe B"]
[Site "Chartres, France"]
[Date "2024.06.02"]
[Round "4.15"]
[White "Maze, Sebastien"]
[Black "Godart, Francois"]
[Result "1/2-1/2"]
[WhiteElo "2561"]
[BlackElo "2382"]
[PlyCount "59"]
[EventDate "2024.??.??"]

1. d4 {11} d5 {24} 2. Nf3 {35} Nf6 {36} 3. Bg5 {20} c5 {616} 4. e3 {30} Ne4 {
197} 5. Bh4 {8} Nc6 {308} 6. Nbd2 {22} Bg4 {476} 7. Be2 {125} cxd4 {472} 8.
Nxe4 {382} dxe4 {82} 9. Nxd4 {6} Bxe2 {92} 10. Qxe2 {7} Qa5+ {1173} 11. c3 {55}
e6 {41} 12. O-O {195} Be7 {283} 13. Bxe7 {290} Nxe7 {267} 14. f3 {51} exf3 {181
} 15. Qxf3 {14} O-O {374} 16. Qxb7 {4} Qc5 {63} 17. Qe4 {132} Rad8 {178} 18.
Rad1 {213} Qb6 {242} 19. Rb1 {430} Nd5 {115} 20. Rf2 {197} Nf6 {172} 21. Qf3 {
101} Qa6 {115} 22. a3 {130} Qd3 {76} 23. Rd1 {429} Qc4 {156} 24. Rdf1 {76} Rd7
{219} 25. Qh3 {293} Qd3 {87} 26. Rf3 {86} Re8 {28} 27. Rf4 {1553} Nd5 {19} 28.
R4f3 {94} Nf6 {4} 29. Rf4 {721} Nd5 {5} 30. R4f3 {2} 1/2-1/2

[Event "Top 16 Groupe B"]
[Site "Chartres, France"]
[Date "2024.06.02"]
[Round "4.16"]
[White "Sterpu, Constanta-Andreea"]
[Black "Maisuradze, Nino"]
[Result "0-1"]
[WhiteElo "1949"]
[BlackElo "2189"]
[PlyCount "105"]
[EventDate "2024.??.??"]

1. d4 {1} Nf6 {109} 2. Nf3 {6} e6 {29} 3. Nbd2 {115} d5 {83} 4. e3 {55} b6 {70}
5. Be2 {358} Bb7 {5} 6. c4 {153} Nbd7 {161} 7. b3 {242} Ne4 {191} 8. Bb2 {592}
Bd6 {129} 9. Rc1 {414} O-O {49} 10. O-O {16} Qf6 {249} 11. cxd5 {284} exd5 {101
} 12. Bb5 {383} c6 {262} 13. Bd3 {359} Rae8 {87} 14. Qc2 {441} Qg6 {782} 15.
Ne5 {1746} Nxe5 {113} 16. dxe5 {6} Bxe5 {57} 17. Bxe5 {82} Rxe5 {67} 18. f3 {43
} Rg5 {2018} 19. Rf2 {436} f5 {93} 20. fxe4 {23} fxe4 {12} 21. Rxf8+ {99} Kxf8
{1} 22. Bf1 {18} h5 {47} 23. b4 {77} h4 {17} 24. Nb3 {13} h3 {74} 25. Nd4 {84}
Kg8 {402} 26. Qf2 {26} hxg2 {174} 27. Bxg2 {7} a5 {56} 28. bxa5 {26} c5 {30}
29. Ne2 {22} d4 {70} 30. Nf4 {19} Qd6 {211} 31. axb6 {35} Rf5 {154} 32. Rf1 {64
} Qxb6 {179} 33. Kh1 {46} d3 {33} 34. Bh3 {86} Rf6 {52} 35. Rg1 {38} Qc7 {152}
36. Qd2 {21} Rxf4 {42} 37. Be6+ {29} Kf8 {57} 38. Qb2 {63} Rf6 {92} 39. Bc4 {9}
Bc8 {34} 40. Rb1 {42} Bh3 {48} 41. Qa3 {50} g6 {1594} 42. Qa8+ {302} Qc8 {251}
43. Qxe4 {432} Bf5 {26} 44. Qe5 {64} Qc6+ {30} 45. Kg1 {911} Qd6 {4} 46. Rb8+ {
42} Kg7 {2} 47. Rg8+ {87} Kh6 {11} 48. Rh8+ {85} Kg5 {6} 49. Qa1 {91} d2 {45}
50. h4+ {37} Kg4 {2} 51. Qd1+ {11} Kg3 {12} 52. Bb3 {57} Bg4 {96} 53. Qb1 {31}
0-1

[Event "Top 16 Groupe B"]
[Site "Chartres, France"]
[Date "2024.06.02"]
[Round "4.17"]
[White "Ivanchuk, Vasyl"]
[Black "Aravindh, Chithambaram Vr"]
[Result "1-0"]
[WhiteElo "2609"]
[BlackElo "2670"]
[PlyCount "109"]
[EventDate "2024.??.??"]

1. e4 {2} c5 {13} 2. Nf3 {7} e6 {12} 3. Be2 {22} Nc6 {24} 4. O-O {6} Nf6 {359}
5. Nc3 {14} e5 {466} 6. Bc4 {150} Be7 {42} 7. d3 {15} O-O {235} 8. h3 {12} d6 {
394} 9. a3 {41} Nd7 {944} 10. Ba2 {941} Nb6 {12} 11. Nd5 {42} Nxd5 {369} 12.
Bxd5 {15} Be6 {89} 13. Bxe6 {62} fxe6 {5} 14. c3 {4} Qd7 {377} 15. b4 {122} b6
{17} 16. Rb1 {251} Rf7 {54} 17. b5 {38} Na5 {99} 18. c4 {80} Raf8 {33} 19. Qe2
{850} Qd8 {525} 20. Kh1 {228} h6 {760} 21. a4 {21} Kh7 {44} 22. Rg1 {358} Qe8 {
217} 23. Be3 {57} Kg8 {179} 24. Rb2 {225} Qd8 {45} 25. Bd2 {66} Nb7 {166} 26.
Ra2 {157} Na5 {27} 27. Qd1 {249} Qe8 {42} 28. Be3 {118} Bd8 {64} 29. Rb2 {309}
Bf6 {107} 30. Rb1 {401} Qd8 {126} 31. Rf1 {158} Be7 {42} 32. Bd2 {196} Qe8 {18}
33. Be3 {31} Qd8 {5} 34. Qe2 {3} Kh7 {118} 35. Bd2 {24} Kg8 {83} 36. Nh2 {68}
Bg5 {7} 37. Bc3 {45} g6 {782} 38. Qg4 {35} Qe7 {21} 39. Nf3 {30} Kg7 {147} 40.
Nxg5 {53} Qxg5 {20} 41. Qxg5 {452} hxg5 {68} 42. Kg1 {17} Rh8 {107} 43. Bd2 {26
} Kf6 {308} 44. Bc3 {861} Kg7 {55} 45. Rfe1 {90} Kf6 {120} 46. Re3 {344} Rfh7 {
214} 47. Rf3+ {104} Ke7 {5} 48. Rg3 {68} Rh5 {14} 49. Kf1 {131} Rd8 {193} 50.
Bd2 {38} Kf6 {5} 51. Rf3+ {35} Kg7 {7} 52. g4 {8} Rhh8 {258} 53. Bxg5 {12} Rdf8
{13} 54. Rxf8 {50} Rxf8 {13} 55. Be7 {62} 1-0

[Event "Top 16 Groupe B"]
[Site "Chartres, France"]
[Date "2024.06.02"]
[Round "4.18"]
[White "Karthikeyan, Murali"]
[Black "Dardha, Daniel"]
[Result "1-0"]
[WhiteElo "2610"]
[BlackElo "2650"]
[PlyCount "117"]
[EventDate "2024.??.??"]

1. d4 {3} Nf6 {42} 2. c4 {30} e6 {44} 3. Nf3 {9} d5 {48} 4. g3 {7} Be7 {138} 5.
Bg2 {8} O-O {17} 6. Nc3 {41} c6 {232} 7. O-O {85} a5 {7} 8. Bf4 {160} dxc4 {603
} 9. Ne5 {67} Nd5 {10} 10. Nxc4 {24} Nxf4 {5} 11. gxf4 {6} Qc7 {15} 12. e3 {46}
Nd7 {120} 13. Rc1 {176} Rd8 {142} 14. a3 {425} Nf8 {1163} 15. Ne5 {334} f6 {610
} 16. Nd3 {414} Bd7 {154} 17. Kh1 {275} Be8 {190} 18. Rg1 {30} Bd6 {82} 19. Ne4
{230} Qe7 {156} 20. Qe2 {240} Bc7 {527} 21. Bf3 {132} Bg6 {353} 22. Rg3 {1009}
e5 {204} 23. dxe5 {306} fxe5 {49} 24. Nxe5 {240} Bxe5 {39} 25. fxe5 {6} Nd7 {
217} 26. e6 {175} Ne5 {77} 27. Bg2 {69} Qxe6 {143} 28. Ng5 {167} Qf6 {144} 29.
f4 {108} Nd3 {53} 30. Rf1 {257} h6 {238} 31. Ne4 {144} Qe6 {7} 32. Nc3 {39} Nc5
{185} 33. Rxg6 {468} Qxg6 {4} 34. Qc4+ {4} Kh8 {43} 35. Qxc5 {8} Rd2 {19} 36.
Rg1 {261} Rxb2 {88} 37. f5 {136} Qh5 {135} 38. Ne4 {69} Rd8 {92} 39. Qc3 {147}
Rxg2 {151} 40. Kxg2 {6} Qe2+ {52} 41. Kg3 {393} Re8 {482} 42. Rg2 {137} Qf1 {
219} 43. Nf2 {50} Rf8 {192} 44. e4 {53} Qe2 {87} 45. Rg1 {114} Rd8 {57} 46. Re1
{68} Qa2 {26} 47. e5 {241} Rd5 {9} 48. Qf3 {45} Qd2 {20} 49. Qe3 {80} Qc2 {13}
50. Qe4 {120} Qc5 {51} 51. Re3 {88} Rd4 {36} 52. Qf3 {20} Qe7 {36} 53. Re4 {56}
Rxe4 {58} 54. Qxe4 {11} Qxa3+ {4} 55. Nd3 {38} Qa1 {143} 56. e6 {89} Qg1+ {54}
57. Kh3 {5} Qf1+ {79} 58. Kh4 {33} Qg1 {16} 59. e7 {78} 1-0

[Event "Top 16 Groupe B"]
[Site "Chartres, France"]
[Date "2024.06.02"]
[Round "4.19"]
[White "Maurizzi, Marc Andria"]
[Black "Lamard, Guillaume"]
[Result "1/2-1/2"]
[WhiteElo "2617"]
[BlackElo "2500"]
[PlyCount "52"]
[EventDate "2024.??.??"]

1. Nf3 {38} d5 {6} 2. g3 {32} Nf6 {10} 3. Bg2 {3} e6 {18} 4. O-O {10} Be7 {6}
5. c4 {388} O-O {10} 6. cxd5 {271} exd5 {70} 7. b3 {7} c5 {883} 8. d4 {11} Nc6
{4} 9. Nc3 {2} Ne4 {52} 10. Bb2 {2} Bf6 {5} 11. Na4 {2} cxd4 {88} 12. Nxd4 {41}
h5 {221} 13. Rc1 {286} Bxd4 {260} 14. Bxd4 {1} h4 {16} 15. Nc5 {423} Re8 {103}
16. e3 {124} h3 {450} 17. Bh1 {605} Qg5 {70} 18. Bb2 {350} Bg4 {896} 19. Qe1 {
153} Qg6 {579} 20. Nxb7 {517} Rab8 {118} 21. f3 {1140} Rxb7 {155} 22. fxg4 {4}
Nb4 {662} 23. Rd1 {61} Rc8 {195} 24. Rc1 {208} Re8 {22} 25. Rd1 {18} Rc8 {208}
26. Rc1 {18} Re8 {148} 1/2-1/2